[Event "2. Gap 2008"]
[Site "Gap FRA"]
[Date "2008.04.16"]
[Round "4.2"]
[White "Prie, Eric"]
[Black "Philippe, Christophe"]
[Result "1/2-1/2"]
[WhiteElo "2520"]
[BlackElo "2407"]
[PlyCount "99"]
[EventDate "2008.04.14"]
[EventType "swiss"]
[EventRounds "9"]
[EventCountry "FRA"]
[Source "lmi"]
[SourceDate "2008.04.14"]

1. d4 Nf6 2. Nf3 e6 3. Bf4 b6 4. e3 Bb7 5. Bd3 d6 6. Qe2 g6 7. e4 Nbd7 8. Nc3
Bg7 9. Ba6 Qc8 10. Bxb7 Qxb7 11. e5 dxe5 12. dxe5 Nd5 13. Nxd5 Qxd5 14. O-O Nc5
15. Rfe1 O-O 16. b4 Nb7 17. c4 Qd7 18. Qe4 c6 19. Rad1 Qc7 20. Bg5 a5 21. b5
Rac8 22. h3 a4 23. Nd4 cxb5 24. cxb5 Na5 25. Bd2 Rfd8 26. Bxa5 bxa5 27. Nc6
Rxd1 28. Rxd1 a3 29. Rd6 Bf8 30. Qd3 f5 31. Rd7 Qb6 32. Qc4 Re8 33. Qh4 Bg7 34.
Ne7+ Kf8 35. Qxh7 Rxe7 36. Rxe7 Kxe7 37. Qxg7+ Kd8 38. Qf8+ Kd7 39. Qxa3 Qd4
40. Qd6+ Qxd6 41. exd6 a4 42. f4 Kxd6 43. Kf2 Kc5 44. Ke3 Kxb5 45. Kd3 Kb4 46.
Kc2 Kc4 47. Kb2 Kb4 48. Kc2 Kc4 49. Kb2 Kb4 50. Kc2 1/2-1/2

[Event "2. Gap 2008"]
[Site "Gap FRA"]
[Date "2008.04.16"]
[Round "4.3"]
[White "Borsos, Bogdan"]
[Black "Ninov, Nikolai"]
[Result "1/2-1/2"]
[WhiteElo "2354"]
[BlackElo "2509"]
[PlyCount "60"]
[EventDate "2008.04.14"]
[EventType "swiss"]
[EventRounds "9"]
[EventCountry "FRA"]
[Source "lmi"]
[SourceDate "2008.04.14"]

1. e4 c5 2. c3 d5 3. exd5 Qxd5 4. d4 Nf6 5. Nf3 Bg4 6. Be2 e6 7. h3 Bh5 8. O-O
Nc6 9. Be3 cxd4 10. Nxd4 Bxe2 11. Qxe2 Bc5 12. Nxc6 Qxc6 13. Bxc5 Qxc5 14. Nd2
Qf5 15. Nc4 O-O 16. Rad1 Nd5 17. Rd2 Qg5 18. Rfd1 b5 19. Ne3 Nb6 20. Rd4 a6 21.
Qf3 Qe7 22. Rd6 Na4 23. Rd7 Qf6 24. Qe2 Nc5 25. Ng4 Qg5 26. R7d4 Na4 27. Ne5
Rac8 28. Nf3 Qc5 29. R1d2 Rfe8 30. Ne5 Nb6 1/2-1/2

[Event "2. Gap 2008"]
[Site "Gap FRA"]
[Date "2008.04.16"]
[Round "4.4"]
[White "Deleau, Denis"]
[Black "Forthofer, Robert"]
[Result "1/2-1/2"]
[WhiteElo "2107"]
[BlackElo "2253"]
[PlyCount "69"]
[EventDate "2008.04.14"]
[EventType "swiss"]
[EventRounds "9"]
[EventCountry "FRA"]
[Source "lmi"]
[SourceDate "2008.04.14"]

1. e4 e6 2. d4 d5 3. Nc3 Bb4 4. e5 c5 5. dxc5 d4 6. Qg4 Ne7 7. a3 Ba5 8. b4
dxc3 9. bxa5 Nbc6 10. Nf3 Qxa5 11. Bd3 Bd7 12. O-O O-O-O 13. Rb1 Ng6 14. Bg5
Rdf8 15. Qe4 f5 16. exf6 gxf6 17. Bh6 Re8 18. Rb5 Qc7 19. Rfb1 f5 20. Qe2 Na5
21. Nd4 e5 22. Nxf5 Bxb5 23. Nd6+ Kb8 24. Bxb5 Rd8 25. h4 Rhg8 26. Bg5 Qxc5 27.
Ne4 Qxa3 28. Bxd8 Rxd8 29. Rd1 Qe7 30. h5 Nf4 31. Rxd8+ Qxd8 32. Qg4 a6 33. Bd7
Nc4 34. Bf5 h6 35. Nxc3 1/2-1/2

[Event "2. Gap 2008"]
[Site "Gap FRA"]
[Date "2008.04.16"]
[Round "4.5"]
[White "Astier, Sylvain"]
[Black "Py, Walter"]
[Result "1/2-1/2"]
[WhiteElo "1653"]
[BlackElo "2101"]
[PlyCount "95"]
[EventDate "2008.04.14"]
[EventType "swiss"]
[EventRounds "9"]
[EventCountry "FRA"]
[Source "lmi"]
[SourceDate "2008.04.14"]

1. e4 c5 2. Nf3 Nc6 3. b3 d6 4. Bb2 e5 5. Nc3 Nge7 6. Bc4 Ng6 7. d3 Be7 8. h3
O-O 9. O-O a6 10. a4 Rb8 11. Qd2 Bd7 12. Nd5 b5 13. Nxe7+ Ncxe7 14. axb5 axb5
15. Bd5 Nxd5 16. exd5 b4 17. Ng5 Nf4 18. Ne4 Bc8 19. Qe3 f5 20. Nxd6 Qg5 21.
Qf3 e4 22. dxe4 fxe4 23. Nxe4 Qg6 24. Kh2 Nh5 25. Qe3 Bb7 26. Qg5 Qxe4 27. Qxh5
Bxd5 28. Qg4 Rb7 29. Qxe4 Bxe4 30. Rac1 Bg6 31. Kg3 Rd8 32. Rfd1 Rxd1 33. Rxd1
Bxc2 34. Rc1 Bxb3 35. Rxc5 Kf7 36. Rg5 g6 37. Re5 Be6 38. Kf4 h5 39. h4 b3 40.
f3 Rb4+ 41. Re4 Rb5 42. Re5 Rb7 43. Re4 Bf5 44. Rd4 Re7 45. g4 hxg4 46. fxg4
Bc2 47. h5 gxh5 48. gxh5 1/2-1/2

[Event "2. Gap 2008"]
[Site "Gap FRA"]
[Date "2008.04.16"]
[Round "4.6"]
[White "Garnier, Jean-Paul"]
[Black "Corneloup, Jerome"]
[Result "1/2-1/2"]
[WhiteElo "2059"]
[BlackElo "1750"]
[PlyCount "116"]
[EventDate "2008.04.14"]
[EventType "swiss"]
[EventRounds "9"]
[EventCountry "FRA"]
[Source "lmi"]
[SourceDate "2008.04.14"]

1. d4 c5 2. d5 d6 3. c4 e5 4. dxe6 Bxe6 5. e4 Nc6 6. Nc3 Nf6 7. f4 Qe7 8. Nf3
Nxe4 9. Nxe4 Bf5 10. Bd3 Bxe4 11. O-O Bxf3 12. Qxf3 O-O-O 13. Bd2 g6 14. Bc3
Rg8 15. Rae1 Qc7 16. Be4 Bg7 17. Bd5 Bxc3 18. Qxc3 Rge8 19. Qf6 Qa5 20. Rxe8
Rxe8 21. Qxf7 Re7 22. Qf8+ Qd8 23. Qf6 Kc7 24. Qc3 Qe8 25. h3 Re3 26. Qg7+ Qe7
27. Qh8 Re1 28. Rxe1 Qxe1+ 29. Kh2 Qe7 30. g4 Nb4 31. Qc3 Nxd5 32. cxd5 b6 33.
Kg3 Kd8 34. Kf3 Qh4 35. Qh8+ Kc7 36. Qg7+ Kb8 37. Qf8+ Kc7 38. Qf7+ Kd8 39. Kg2
Qe7 40. Qg8+ Kd7 41. Kf3 Qh4 42. Qe6+ Kc7 43. Kg2 Qd8 44. f5 gxf5 45. Qxf5 Qe7
46. Kf3 Qg7 47. h4 b5 48. g5 c4 49. h5 c3 50. h6 Qd4 51. Qxh7+ Kb6 52. bxc3
Qxc3+ 53. Kf4 Qd2+ 54. Kg4 Qe2+ 55. Kg3 Qe1+ 56. Kg4 Qe2+ 57. Kg3 Qe1+ 58. Kg4
Qe2+ 1/2-1/2

[Event "2. Gap 2008"]
[Site "Gap FRA"]
[Date "2008.04.16"]
[Round "4.7"]
[White "Pairaud, Jean Rene"]
[Black "Birens, Eric-Andre"]
[Result "1-0"]
[WhiteElo "1730"]
[BlackElo "2046"]
[PlyCount "139"]
[EventDate "2008.04.14"]
[EventType "swiss"]
[EventRounds "9"]
[EventCountry "FRA"]
[Source "lmi"]
[SourceDate "2008.04.14"]

1. c4 e5 2. Nc3 Nc6 3. g3 g6 4. Bg2 Bg7 5. e3 Nge7 6. Nge2 O-O 7. O-O d6 8. f4
Be6 9. d3 Qd7 10. Nd5 Nd8 11. e4 f5 12. exf5 gxf5 13. Nxe7+ Qxe7 14. Nc3 c6 15.
Qc2 Nf7 16. Be3 Kh8 17. Rad1 Rg8 18. b3 Qf6 19. d4 exf4 20. Bxf4 Bd7 21. Rd3
Rae8 22. Be3 Rxe3 23. Rxe3 Qxd4 24. Qf2 Be5 25. Rd1 Qc5 26. Na4 Qb4 27. Qd2
Qxd2 28. Rxd2 Bc8 29. Red3 f4 30. gxf4 Bxf4 31. Rf2 Ne5 32. Rc3 Ng6 33. Rcf3
Be5 34. Kh1 Be6 35. Nc3 Bg4 36. Rf7 Bxc3 37. Rxb7 Ne5 38. Be4 Bd7 39. Rg2 Rf8
40. Rg3 Bd2 41. Rxa7 Bf4 42. Rc3 Bf5 43. Bxf5 Rxf5 44. Rh3 h5 45. Ra8+ Kg7 46.
a4 Bd2 47. Rg3+ Ng4 48. h3 Rf1+ 49. Kg2 Rf2+ 50. Kg1 Re2 51. hxg4 h4 52. Rh3
Bg5 53. a5 Re4 54. a6 Rxg4+ 55. Kh1 Rd4 56. Kg2 Rd1 57. a7 Ra1 58. Rf3 Be7 59.
b4 d5 60. cxd5 cxd5 61. b5 Bc5 62. Rb3 Bb6 63. Rc3 Rg1+ 64. Kh3 Rh1+ 65. Kg4 d4
66. Rg8+ Kh7 67. a8=Q Rg1+ 68. Kh5 Rxg8 69. Qe4+ Kh8 70. Kh6 1-0

[Event "2. Gap 2008"]
[Site "Gap FRA"]
[Date "2008.04.16"]
[Round "5.1"]
[White "Svetushkin, Dmitry"]
[Black "Prie, Eric"]
[Result "1-0"]
[WhiteElo "2568"]
[BlackElo "2520"]
[PlyCount "83"]
[EventDate "2008.04.14"]
[EventType "swiss"]
[EventRounds "9"]
[EventCountry "FRA"]
[Source "lmi"]
[SourceDate "2008.04.14"]

1. d4 d5 2. c4 c6 3. Nf3 Nf6 4. e3 Bg4 5. Nc3 e6 6. h3 Bh5 7. g4 Bg6 8. Ne5
Nbd7 9. Nxg6 hxg6 10. Bd2 Bb4 11. cxd5 exd5 12. Bd3 Qe7 13. Qe2 Ne4 14. Nxe4
dxe4 15. Bc4 Nb6 16. Bb3 O-O-O 17. O-O-O Bxd2+ 18. Qxd2 Nd5 19. Kb1 Kb8 20. Rc1
f5 21. Rcg1 Rh4 22. Rg3 Qf8 23. gxf5 gxf5 24. Rhg1 Rd7 25. Bxd5 cxd5 26. Qa5
Rh7 27. a3 a6 28. Qb6 f4 29. Rg6 Rc7 30. Qe6 fxe3 31. fxe3 Rh5 32. Ka2 Qc8 33.
Qd6 Ka8 34. Rf1 Qb8 35. Re6 Rc6 36. Qe7 Rxe6 37. Qxe6 Qc7 38. Rf8+ Ka7 39. Rc8
Qg3 40. Qe8 Qh4 41. Ra8+ Kb6 42. Qe6+ 1-0

[Event "2. Gap 2008"]
[Site "Gap FRA"]
[Date "2008.04.16"]
[Round "5.2"]
[White "Philippe, Christophe"]
[Black "Borsos, Bogdan"]
[Result "1/2-1/2"]
[WhiteElo "2407"]
[BlackElo "2354"]
[PlyCount "118"]
[EventDate "2008.04.14"]
[EventType "swiss"]
[EventRounds "9"]
[EventCountry "FRA"]
[Source "lmi"]
[SourceDate "2008.04.14"]

1. e4 e5 2. Nf3 Nc6 3. Nc3 Nf6 4. d4 exd4 5. Nxd4 Bb4 6. Nxc6 bxc6 7. Bd3 O-O
8. O-O d5 9. exd5 cxd5 10. Bg5 c6 11. Na4 Qd6 12. h3 Re8 13. Bh4 Ne4 14. c3 Ba5
15. Bxe4 Rxe4 16. Bg3 Qe7 17. Re1 Bf5 18. Rxe4 Qxe4 19. b4 Bb6 20. Nxb6 axb6
21. a4 Qc2 22. Qxc2 Bxc2 23. a5 bxa5 24. bxa5 Bd3 25. f3 Bb5 26. Bd6 f6 27. Kf2
Kf7 28. Ke3 Ke6 29. Bc5 Kd7 30. Kd4 Re8 31. a6 Kc7 32. a7 Kb7 33. h4 Ka8 34.
Bb6 Kb7 35. Kc5 h5 36. f4 Ka8 37. Kd6 Re4 38. g3 Re2 39. Bd4 Re4 40. f5 Re2 41.
Bc5 Re5 42. Bd4 Re2 43. Rg1 Re4 44. Bc5 Kb7 45. Ra1 Ka8 46. Kc7 Re5 47. Kb6
Rxf5 48. Bd4 Rf1 49. Rxf1 Bxf1 50. Kxc6 Bg2 51. Kd6 g5 52. Ke6 gxh4 53. gxh4
Bf3 54. Kxf6 Kb7 55. Kf5 Be4+ 56. Ke5 Bf3 57. Kf4 Bh1 58. Ke5 Bf3 59. Bc5 Bh1
1/2-1/2

[Event "2. Gap 2008"]
[Site "Gap FRA"]
[Date "2008.04.16"]
[Round "5.4"]
[White "Forthofer, Robert"]
[Black "Tchifteyan, Philippe"]
[Result "1-0"]
[WhiteElo "2253"]
[BlackElo "1770"]
[PlyCount "91"]
[EventDate "2008.04.14"]
[EventType "swiss"]
[EventRounds "9"]
[EventCountry "FRA"]
[Source "lmi"]
[SourceDate "2008.04.14"]

1. e4 c5 2. Nf3 Nc6 3. Nc3 e6 4. d4 cxd4 5. Nxd4 a6 6. g3 Nf6 7. Bg2 Be7 8. O-O
O-O 9. Be3 e5 10. Nf5 d6 11. Nxe7+ Nxe7 12. Bg5 Be6 13. Qd2 Nc8 14. Rad1 h6 15.
Be3 Ng4 16. Bc5 Qd7 17. f4 Qc7 18. Ba3 Qb6+ 19. Kh1 Ne3 20. fxe5 Nxf1 21. Bxf1
Rd8 22. exd6 f6 23. Nd5 Bxd5 24. Qxd5+ Kh8 25. d7 Qc7 26. Bh3 Nb6 27. Qc5 Qxc5
28. Bxc5 Nxd7 29. Bxd7 b5 30. c3 Rab8 31. Bg4 Rxd1+ 32. Bxd1 Kh7 33. Kg2 Kg6
34. Kf3 Kf7 35. Bb3+ Ke8 36. Bd5 Kd7 37. Kf4 a5 38. b4 axb4 39. cxb4 g6 40. g4
Ke8 41. h4 Rd8 42. h5 f5 43. hxg6 fxe4 44. Bc6+ Rd7 45. Bxd7+ Kxd7 46. g7 1-0

[Event "2. Gap 2008"]
[Site "Gap FRA"]
[Date "2008.04.16"]
[Round "5.5"]
[White "Souptes, Christian"]
[Black "Mercky, Gilles"]
[Result "0-1"]
[WhiteElo "1560"]
[BlackElo "1905"]
[PlyCount "80"]
[EventDate "2008.04.14"]
[EventType "swiss"]
[EventRounds "9"]
[EventCountry "FRA"]
[Source "lmi"]
[SourceDate "2008.04.14"]

1. e4 e6 2. d4 d5 3. Nc3 Bb4 4. e5 c5 5. a3 Bxc3+ 6. bxc3 Ne7 7. Nf3 Qa5 8. Bd2
Nbc6 9. Bd3 c4 10. Be2 Bd7 11. O-O h6 12. Qc1 O-O-O 13. Qb2 Rdf8 14. Rfb1 Qc7
15. Re1 f6 16. exf6 Rxf6 17. Rab1 Rhf8 18. Rf1 Ng6 19. Be3 Nf4 20. Bd1 g5 21.
g3 Ng6 22. Kg2 b6 23. Qc1 Nge7 24. Ne5 Nf5 25. Nxc6 Bxc6 26. Bg4 Ng7 27. Be2
Be8 28. Qd1 Bg6 29. Kg1 Be4 30. f4 g4 31. Bxg4 Rg6 32. Bf3 Bf5 33. Qe2 Qf7 34.
Rbc1 h5 35. Bxh5 Nxh5 36. Qxh5 Rxg3+ 37. hxg3 Qxh5 38. Rf2 Be4 39. Rh2 Qg4 40.
Bf2 Rg8 0-1

[Event "2. Gap 2008"]
[Site "Gap FRA"]
[Date "2008.04.16"]
[Round "5.6"]
[White "Astier, Sylvain"]
[Black "Jouet, Philippe"]
[Result "0-1"]
[WhiteElo "1653"]
[BlackElo "1893"]
[PlyCount "92"]
[EventDate "2008.04.14"]
[EventType "swiss"]
[EventRounds "9"]
[EventCountry "FRA"]
[Source "lmi"]
[SourceDate "2008.04.14"]

1. e4 e6 2. d4 d5 3. exd5 exd5 4. Nf3 Nf6 5. Bf4 Bd6 6. Qe2+ Be6 7. Bxd6 Qxd6
8. Qb5+ Nc6 9. Ne5 O-O 10. Nxc6 bxc6 11. Qa6 Qb4+ 12. Nd2 Qxb2 13. Rb1 Qxd4 14.
Bd3 Qe5+ 15. Be2 Bf5 16. O-O Qd6 17. Bd3 Bxd3 18. cxd3 c5 19. Qa5 Nd7 20. Rb7
Nb6 21. Rxa7 Rxa7 22. Qxa7 Qc6 23. Qa3 Ra8 24. Qb3 Qa4 25. Ra1 Qxb3 26. Nxb3 c4
27. dxc4 Nxc4 28. g3 Kf8 29. a4 Na5 30. Nxa5 Rxa5 31. Rc1 c5 32. Kg2 Ke7 33.
Kf3 Kd6 34. Ra1 c4 35. Rb1 Kc6 36. Ra1 Kc5 37. Rb1 Rxa4 38. Rb7 Ra6 39. Ke3 d4+
40. Kd2 Rf6 41. Rc7+ Kd5 42. Rd7+ Ke4 43. f4 Rh6 44. Rxf7 Rxh2+ 45. Ke1 c3 46.
Rxg7 c2 0-1

[Event "2. Gap 2008"]
[Site "Gap FRA"]
[Date "2008.04.17"]
[Round "6.2"]
[White "Jouet, Philippe"]
[Black "Philippe, Christophe"]
[Result "0-1"]
[WhiteElo "1893"]
[BlackElo "2407"]
[PlyCount "52"]
[EventDate "2008.04.14"]
[EventType "swiss"]
[EventRounds "9"]
[EventCountry "FRA"]
[Source "lmi"]
[SourceDate "2008.04.14"]

1. d4 f5 2. Nf3 Nf6 3. Bf4 g6 4. Nc3 Bg7 5. e3 O-O 6. Bc4+ d5 7. Bb3 c6 8. Ne5
Be6 9. h4 Nbd7 10. Qe2 Nh5 11. Nxd7 Qxd7 12. Rd1 b5 13. a3 Kh8 14. O-O Bg8 15.
Kh1 Rae8 16. g3 h6 17. Qf3 Kh7 18. Kg2 Nf6 19. Be5 Ng4 20. Bxg7 Kxg7 21. Qe2 e5
22. Qd2 f4 23. exf4 exf4 24. gxf4 Nf6 25. Qd3 Nh5 26. Kh2 Rxf4 0-1

[Event "2. Gap 2008"]
[Site "Gap FRA"]
[Date "2008.04.17"]
[Round "6.3"]
[White "Borsos, Bogdan"]
[Black "Forthofer, Robert"]
[Result "1-0"]
[WhiteElo "2354"]
[BlackElo "2253"]
[PlyCount "49"]
[EventDate "2008.04.14"]
[EventType "swiss"]
[EventRounds "9"]
[EventCountry "FRA"]
[Source "lmi"]
[SourceDate "2008.04.14"]

1. e4 e6 2. Nf3 d5 3. Nc3 Nf6 4. Qe2 dxe4 5. Nxe4 Nbd7 6. d4 Be7 7. Nxf6+ Nxf6
8. Bg5 O-O 9. O-O-O c5 10. Kb1 Qc7 11. h4 b6 12. g4 Nxg4 13. Rg1 f5 14. Bh3
cxd4 15. Bxe7 Qxe7 16. Bxg4 fxg4 17. Ne5 Bb7 18. Rxg4 Rad8 19. b3 Rf5 20. Rdg1
Qf6 21. Rxg7+ Qxg7 22. Rxg7+ Kxg7 23. Qc4 Rd5 24. Qc7+ Kf8 25. Qb8+ 1-0

[Event "2. Gap 2008"]
[Site "Gap FRA"]
[Date "2008.04.17"]
[Round "6.4"]
[White "Mercky, Gilles"]
[Black "Pairaud, Jean Rene"]
[Result "1/2-1/2"]
[WhiteElo "1905"]
[BlackElo "1730"]
[PlyCount "95"]
[EventDate "2008.04.14"]
[EventType "swiss"]
[EventRounds "9"]
[EventCountry "FRA"]
[Source "lmi"]
[SourceDate "2008.04.14"]

1. b4 g6 2. Bb2 Nf6 3. e3 Bg7 4. d4 d6 5. Nf3 Nbd7 6. c4 b6 7. Be2 Bb7 8. Nc3
c5 9. Qb3 Rb8 10. a3 O-O 11. O-O a5 12. Rad1 Qc7 13. Nb5 Qd8 14. Rfe1 Ne8 15.
Rd2 Nc7 16. Nc3 f5 17. Red1 e5 18. dxe5 Nxe5 19. Rxd6 Nxf3+ 20. Bxf3 Qh4 21.
Bxb7 Rxb7 22. bxc5 f4 23. exf4 Qxf4 24. R6d2 Bd4 25. Qc2 bxc5 26. Bc1 Be5 27.
g3 Qxc4 28. Ne2 Qxc2 29. Rxc2 Ne6 30. Be3 Rc8 31. Rd5 Bb2 32. Rd6 Kf7 33. Ra6
Bxa3 34. Rxa5 Bb4 35. Ra4 Ke7 36. Rc4 Kd6 37. Ra2 Kd5 38. Rac2 Ba5 39. Nf4+
Nxf4 40. Rxc5+ Rxc5 41. Rxc5+ Kd6 42. gxf4 Rb1+ 43. Kg2 Bc7 44. Rc1 Rxc1 45.
Bxc1 Ke6 46. Kf3 Kf5 47. h4 h5 48. Be3 1/2-1/2

[Event "2. Gap 2008"]
[Site "Gap FRA"]
[Date "2008.04.17"]
[Round "6.5"]
[White "Deleau, Denis"]
[Black "Py, Walter"]
[Result "1/2-1/2"]
[WhiteElo "2107"]
[BlackElo "2101"]
[PlyCount "93"]
[EventDate "2008.04.14"]
[EventType "swiss"]
[EventRounds "9"]
[EventCountry "FRA"]
[Source "lmi"]
[SourceDate "2008.04.14"]

1. e4 e6 2. d4 d5 3. e5 c5 4. c3 Nc6 5. Nf3 Nge7 6. Na3 Nf5 7. Nc2 Be7 8. Be2
O-O 9. h4 cxd4 10. cxd4 f6 11. g4 Nh6 12. Bxh6 gxh6 13. exf6 Bxf6 14. Qd2 e5
15. g5 hxg5 16. hxg5 Bg7 17. Nxe5 Nxe5 18. dxe5 Bxe5 19. Ne3 Bf4 20. Bd3 d4 21.
Bxh7+ Kg7 22. Rd1 Bxg5 23. Qd3 Qf6 24. Qxd4 Be6 25. Bb1 Rh8 26. Rg1 Kf7 27.
Qxf6+ Bxf6 28. Bg6+ Ke7 29. b3 Rad8 30. Rxd8 Rxd8 31. Ke2 Bc3 32. Rd1 Rxd1 33.
Nxd1 Be5 34. Be4 b6 35. Ne3 a5 36. Bd5 Bd7 37. Kd3 b5 38. Ke4 Bh8 39. f4 a4 40.
bxa4 bxa4 41. Nc4 Ba1 42. Na5 Kf6 43. Bc6 Bf5+ 44. Ke3 Be6 45. Bxa4 Bxa2 46.
Nb3 Bxb3 47. Bxb3 1/2-1/2

[Event "2. Gap 2008"]
[Site "Gap FRA"]
[Date "2008.04.17"]
[Round "6.6"]
[White "Prie, Eric"]
[Black "Revil-Baudard, Didier"]
[Result "1-0"]
[WhiteElo "2520"]
[BlackElo "1778"]
[PlyCount "63"]
[EventDate "2008.04.14"]
[EventType "swiss"]
[EventRounds "9"]
[EventCountry "FRA"]
[Source "lmi"]
[SourceDate "2008.04.14"]

1. d4 Nf6 2. Nf3 g6 3. Bf4 d6 4. Nc3 Bg7 5. Qd2 O-O 6. Bh6 c5 7. Bxg7 Kxg7 8.
e3 cxd4 9. exd4 Qa5 10. Be2 Nc6 11. O-O Bg4 12. h3 Bd7 13. Rad1 Rac8 14. d5 Nb8
15. Rfe1 Na6 16. Bxa6 Qxa6 17. Rxe7 Qc4 18. Qe3 b6 19. Nd2 Qh4 20. Nb3 Qh5 21.
g4 Bxg4 22. hxg4 Qxg4+ 23. Qg3 Qh5 24. Rd4 Rfe8 25. Rxe8 Rxe8 26. Rh4 Re1+ 27.
Kg2 Qf5 28. Nd4 Qc8 29. Qg5 h5 30. Rf4 Ng4 31. Nf5+ Kh8 32. Rxg4 1-0

[Event "2. Gap 2008"]
[Site "Gap FRA"]
[Date "2008.04.17"]
[Round "6.7"]
[White "Okhotnik, Vladimir"]
[Black "Rubino, Adrien"]
[Result "1-0"]
[WhiteElo "2458"]
[BlackElo "1820"]
[PlyCount "27"]
[EventDate "2008.04.14"]
[EventType "swiss"]
[EventRounds "9"]
[EventCountry "FRA"]
[Source "lmi"]
[SourceDate "2008.04.14"]

1. e4 e5 2. Nf3 Nc6 3. Bc4 Bc5 4. c3 Nf6 5. d4 exd4 6. O-O dxc3 7. e5 Ne4 8.
Qd5 O-O 9. Qxe4 cxb2 10. Bxb2 Qe7 11. Nc3 Na5 12. Nd5 Qe8 13. Nf6+ gxf6 14. Bd3
1-0

[Event "2. Gap 2008"]
[Site "Gap FRA"]
[Date "2008.04.17"]
[Round "6.21"]
[White "Estachy, Simon"]
[Black "Guillemin, Fabien"]
[Result "1/2-1/2"]
[WhiteElo "1530"]
[BlackElo "1430"]
[PlyCount "115"]
[EventDate "2008.04.14"]
[EventType "swiss"]
[EventRounds "9"]
[EventCountry "FRA"]
[Source "lmi"]
[SourceDate "2008.04.14"]

1. Nf3 Nc6 2. d4 d5 3. Bf4 Nf6 4. Nc3 a6 5. h3 Bf5 6. a3 e6 7. g4 Bg6 8. e3 h6
9. Be2 Bd6 10. Bh2 Ne4 11. Nxe4 Bxe4 12. Bd3 Bxh2 13. Rxh2 Bxd3 14. Qxd3 Qd6
15. O-O-O O-O-O 16. Rg2 e5 17. Qb3 Qf6 18. Nxe5 Nxe5 19. dxe5 Qxe5 20. f4 Qe4
21. Rgd2 c6 22. Rd4 Qf3 23. Rb4 Rd7 24. Qc3 f6 25. Qc5 Re8 26. Rb3 Kb8 27. Qb4
Rxe3 28. Qf8+ Kc7 29. c3 Qxf4 30. Kb1 Qe4+ 31. Ka2 Qe8 32. Qb4 b5 33. a4 Kb6
34. axb5 axb5 35. Ra3 Ra7 36. Qd4+ c5 37. Qxd5 Rxa3+ 38. Kxa3 b4+ 39. Kb3 Qe6
40. Kc2 Qxd5 41. Rxd5 bxc3 42. bxc3 Rxh3 43. Rd7 Rg3 44. Rxg7 f5 45. Rg6+ Kb5
46. Rxh6 Rxg4 47. Rf6 Rf4 48. Kb3 Rf3 49. Rf8 c4+ 50. Kb2 Rf2+ 51. Ka3 Kc5 52.
Rc8+ Kd5 53. Rd8+ Ke4 54. Kb4 Ke3 55. Kxc4 Rd2 56. Rxd2 Kxd2 57. Kd4 f4 58. Ke4
1/2-1/2

[Event "2. Gap 2008"]
[Site "Gap FRA"]
[Date "2008.04.17"]
[Round "6.22"]
[White "Cellier, David"]
[Black "Ameline, Claude"]
[Result "1-0"]
[WhiteElo "1470"]
[BlackElo "1730"]
[PlyCount "61"]
[EventDate "2008.04.14"]
[EventType "swiss"]
[EventRounds "9"]
[EventCountry "FRA"]
[Source "lmi"]
[SourceDate "2008.04.14"]

1. e4 e6 2. d4 d5 3. e5 c5 4. Nf3 Qb6 5. c3 Nc6 6. Nbd2 cxd4 7. cxd4 Nxd4 8.
Nxd4 Qxd4 9. Bb5+ Bd7 10. Bxd7+ Kxd7 11. O-O Qxe5 12. Qa4+ Kd8 13. Nf3 Qc7 14.
Bf4 Qc6 15. Qb3 Bd6 16. Rac1 Qd7 17. Bxd6 Qxd6 18. Qxb7 Rb8 19. Qxf7 Qe7 20.
Qf4 Rb6 21. Ne5 Qf6 22. Nf7+ Ke8 23. Nd6+ Kd7 24. Nf5 e5 25. Qa4+ Ke6 26. g4
Ne7 27. Qxa7 Rhb8 28. Rc7 Nxf5 29. gxf5+ Qxf5 30. Re7+ Kd6 31. Qc7# 1-0

[Event "2. Gap 2008"]
[Site "Gap FRA"]
[Date "2008.04.18"]
[Round "7.1"]
[White "Svetushkin, Dmitry"]
[Black "Borsos, Bogdan"]
[Result "1-0"]
[WhiteElo "2568"]
[BlackElo "2354"]
[PlyCount "75"]
[EventDate "2008.04.14"]
[EventType "swiss"]
[EventRounds "9"]
[EventCountry "FRA"]
[Source "lmi"]
[SourceDate "2008.04.14"]

1. e4 e5 2. Nf3 Nc6 3. Bb5 a6 4. Ba4 Nf6 5. O-O Be7 6. d3 d6 7. c3 O-O 8. Re1
Kh8 9. Nbd2 Nd7 10. d4 b5 11. Bb3 Na5 12. Bc2 c5 13. Nf1 Nc6 14. d5 Ncb8 15. b3
Nb6 16. h3 N8d7 17. a4 Nf6 18. a5 Nbd7 19. g4 Ne8 20. Ng3 g6 21. Kh2 Ng7 22.
Be3 Nf6 23. Rg1 Rb8 24. Qd2 b4 25. c4 Rb7 26. Rg2 Ng8 27. Ng1 f6 28. f4 Qe8 29.
Nf3 Bd8 30. f5 g5 31. h4 Nh6 32. Nh1 Nxg4+ 33. Rxg4 h5 34. Rgg1 g4 35. Ne1 Rg8
36. Ng3 Qf7 37. Bxc5 dxc5 38. Qh6# 1-0

[Event "2. Gap 2008"]
[Site "Gap FRA"]
[Date "2008.04.18"]
[Round "7.2"]
[White "Philippe, Christophe"]
[Black "Ninov, Nikolai"]
[Result "0-1"]
[WhiteElo "2407"]
[BlackElo "2509"]
[PlyCount "74"]
[EventDate "2008.04.14"]
[EventType "swiss"]
[EventRounds "9"]
[EventCountry "FRA"]
[Source "lmi"]
[SourceDate "2008.04.14"]

1. e4 c5 2. Nf3 d6 3. d4 Nf6 4. Nc3 cxd4 5. Nxd4 a6 6. Bc4 e6 7. Bb3 Nbd7 8.
Bg5 Qa5 9. Bxf6 Nxf6 10. O-O Be7 11. f4 Bd8 12. f5 Qe5 13. Kh1 Ba5 14. fxe6
fxe6 15. Nf3 Qc5 16. e5 dxe5 17. Ng5 Bxc3 18. Rxf6 gxf6 19. Qh5+ Kd8 20. Nf7+
Kc7 21. Nxh8 Bxb2 22. Qxh7+ Kb6 23. Rb1 Qc3 24. Ng6 f5 25. Ne7 e4 26. Ba4 Ka5
27. Bb3 e3 28. Qh5 Bd7 29. h3 Ba3 30. Ng6 Bb5 31. Bxe6 e2 32. Rxb5+ axb5 33.
Qxe2 Re8 34. Nf4 Bd6 35. Nd3 Qa1+ 36. Ne1 Bg3 37. Qd2+ Ka6 0-1

[Event "2. Gap 2008"]
[Site "Gap FRA"]
[Date "2008.04.18"]
[Round "7.3"]
[White "Mercky, Gilles"]
[Black "Prie, Eric"]
[Result "0-1"]
[WhiteElo "1905"]
[BlackElo "2520"]
[PlyCount "46"]
[EventDate "2008.04.14"]
[EventType "swiss"]
[EventRounds "9"]
[EventCountry "FRA"]
[Source "lmi"]
[SourceDate "2008.04.14"]

1. b4 e5 2. Bb2 Bxb4 3. Bxe5 Nf6 4. c4 O-O 5. e3 d5 6. Nf3 c5 7. cxd5 Nxd5 8.
Be2 Nc6 9. Bb2 Re8 10. O-O Bg4 11. Bc4 Qd7 12. Na3 Rad8 13. Nc2 Ba5 14. d4 Nc3
15. Qd3 Bxf3 16. gxf3 Qh3 17. Rfc1 Ne5 18. dxe5 Rxd3 19. Bxd3 Rxe5 20. f4 Rh5
21. Bxc3 Bxc3 22. Rab1 Qxh2+ 23. Kf1 Qh3+ 0-1

[Event "2. Gap 2008"]
[Site "Gap FRA"]
[Date "2008.04.18"]
[Round "7.4"]
[White "Labarthe, Arnaud"]
[Black "Okhotnik, Vladimir"]
[Result "0-1"]
[WhiteElo "1904"]
[BlackElo "2458"]
[PlyCount "54"]
[EventDate "2008.04.14"]
[EventType "swiss"]
[EventRounds "9"]
[EventCountry "FRA"]
[Source "lmi"]
[SourceDate "2008.04.14"]

1. d4 d6 2. Nc3 e5 3. dxe5 dxe5 4. Qxd8+ Kxd8 5. Nf3 f6 6. e4 Be6 7. Be3 c6 8.
Nd2 Bb4 9. Ncb1 Nd7 10. a3 Bc5 11. Bc4 Bxc4 12. Nxc4 b5 13. Bxc5 Nxc5 14. Nd6
Nh6 15. b4 Ne6 16. Nd2 Kc7 17. Nf5 Nxf5 18. exf5 Nd4 19. O-O-O a5 20. Nb3 Nxb3+
21. cxb3 axb4 22. axb4 Ra2 23. Rhf1 Rha8 24. Kb1 Ra1+ 25. Kc2 R8a2+ 26. Kd3
Rxd1+ 27. Rxd1 Rxf2 0-1

[Event "2. Gap 2008"]
[Site "Gap FRA"]
[Date "2008.04.18"]
[Round "7.5"]
[White "Forthofer, Robert"]
[Black "Jouet, Philippe"]
[Result "1-0"]
[WhiteElo "2253"]
[BlackElo "1893"]
[PlyCount "45"]
[EventDate "2008.04.14"]
[EventType "swiss"]
[EventRounds "9"]
[EventCountry "FRA"]
[Source "lmi"]
[SourceDate "2008.04.14"]

1. f4 Nf6 2. Nf3 d5 3. e3 g6 4. Be2 Bg7 5. O-O O-O 6. d3 c5 7. a4 Nc6 8. Ne5
Nd7 9. Nxc6 bxc6 10. Bf3 Rb8 11. Nc3 Nf6 12. e4 dxe4 13. dxe4 Qd4+ 14. Kh1 Qxd1
15. Nxd1 Rd8 16. Be3 Nd7 17. c3 a5 18. Rf2 e6 19. Rd2 Bf8 20. Nf2 Be7 21. Rad1
Rb7 22. e5 Rc7 23. Ne4 1-0